Awaken the giant within : how to take immediate control of your mental, emotional, physical & financial destiny!

Bibliographic Details
Main Author: Robbins, Anthony
Format: Book
Published: New York : Free Press , 1991
Subjects:

MARC

LEADER 00000cam a2200000 7i4500
001 0000012151
005 20071211.0
008 071204
020 |a 0671791540 
090 0 0 |a 158.1   |b ROB 
100 1 |a Robbins, Anthony 
245 1 0 |a Awaken the giant within :   |b how to take immediate control of your mental, emotional, physical & financial destiny!   |c Anthony Robbins 
260 |a New York :   |b Free Press ,   |c 1991 
650 0 |a Success   |x Psychological 
999 |a 0001003650   |b Book   |c Adult Collection   |e Perbadanan Perpustakaan Awam Johor